Fullmetal Alchemist : Personnages #2 - Statistiques

Statistiques générales
  • Ce quiz a été pris 48 fois
  • Le résultat moyen est 12 sur 16
Statistiques - réponses
Par images Réponse % Correct
Scar
100%
Alex Louis Armstrong
89%
Maes Hughes
84%
Nina Tucker
84%
Olivier Mira Armstrong
84%
May Chang
76%
Sho Tucker
76%
Elicia Hughes
74%
Izumi Curtis
71%
Rose Thomas
68%
Father
66%
Solf J. Kimblee
66%
Alexander
61%
Sig Curtis
58%
Tim Marcoh
58%
Cornello
53%
Aucun quiz correspondant
Distribution des résultats
% des personnes avec chaque résultat
Percentile par nombre de réponses
Votre historique - résultats
Vous n’avez pas pris ce quiz